| 000 | 00375nam a2200121Ia 4500 | ||
|---|---|---|---|
| 008 | 171212s9999 xx 000 0 und d | ||
| 020 | _a9780874216455 | ||
| 100 | _aBrewer, Kenneth | ||
| 245 |
_cBrewer, Kenneth _aWhy Dogs Stopped Flying |
||
| 260 |
_bUniversity Press of Colorado _c2006 |
||
| 650 | _aLanguage & Literature | ||
| 856 | _uwww.jstor.org/stable/10.2307/j.ctt4cgngj | ||
| 999 |
_c353198 _d353198 |
||